Leaders in WWII - Statistics

General Stats
  • This quiz has been taken 3,037 times
    2,565 since last reset
  • The average score is 10 of 24
Answer Stats
State Leader % Correct
Germany Adolf Hitler
98%
UK Winston Churchill
95%
Italy Benito Mussolini
91%
USA Franklin Roosevelt
90%
Japan Hirohito
84%
Spain Francisco Franco
80%
China (Communist) Mao Zedong
74%
Free French Forces Charles de Gaulle
73%
Yugoslavia partisans Josip Broz Tito
70%
Vichy France Phillipe Petain
42%
China Chiang Kai-shek
41%
Norwegian National Government Vidkun Quisling
26%
Hungary Miklos Horthy
17%
Canada William Mackenzie King
17%
Croatia Ante Pavelic
13%
Romania Ion Antonescu
13%
Slovakia Jozef Tiso
11%
Czechoslovak Republic Edvard Benes
9%
Albania Enver Hoxha
9%
Greece Ionnasis Metaxas
9%
Brasil Getulio Vargas
8%
Netherlands Queen Wilhelmina
8%
Yugoslavia chetniks Draza Mihailovic
7%
Government of National Salvation (Serbia) Milan Nedic
5%
No matching quizzes found
Score Distribution
Percent of People with Each Score
Percentile by Number Answered
Your Score History
You have not taken this quiz since the last reset